000
00313nam a22001217a 4500
040
_c
HS
082
_a
169
110
_a
CENTRE FOR DEVELOPMENT AND ENVIRONMENT(CDE)
245
_a
The WSC map users guide
260
_a
Switzerland
_b
Centre for development and environment (CDE)
_c
1997
300
_a
78p;
942
_c
EK
999
_c
8842
_d
8842